| 000 | 00525nam a2200181Ia 4500 | ||
|---|---|---|---|
| 003 | GCL | ||
| 008 | 140319s9999 xx 000 0 ara d | ||
| 040 |
_aGCL / _cGCL |
||
| 082 | 0 | 4 |
_aق _b932.03 _bم م |
| 100 | 1 | _aمحمد صابر | |
| 245 | 1 | 0 |
_aيوم مع قدماء المصريين فى منف / _cمحمد صابر |
| 300 | _a140 ص | ||
| 490 |
_aالهيئة العامة للاستعلامات _v0 |
||
| 650 | 0 | 4 | _aالفراعنة |
| 650 | 0 | 4 | _aقدماء المصريين |
| 650 | 0 | 4 | _aمنف |
| 942 |
_2ddc _cBK |
||
| 999 |
_c50290 _d50290 |
||